Space Jam Players Quiz Stats

 Plays Quiz Updated Feb 28, 2019

Score 0/24 Timer 05:00
4 Plays Today
% Correct
Bugs Bunny
94.5%
Michael Jordan
93.8%
Daffy Duck
81.9%
Pound (Charles Barkley)
68.8%
Tweety Bird
66.7%
Lola Bunny
66.4%
The Tasmanian Devil
61.2%
Bang (Patrick Ewing)
57.5%
Sylvester the Cat
56%
Elmer Fudd
49.3%
Porky Pig
46.5%
Nawt (Muggsy Bogues)
43.8%
% Correct
Bupkus (Larry Johnson)
40%
Bill Murray
37.8%
Yosemite Sam
37.6%
Road Runner
37.3%
Blanko (Shawn Bradley)
37.1%
Fog Horn Leg Horn
34.1%
Wile E. Coyote
33%
Pepe le Pew
22.5%
Stan Podolak (MJ's publicist)
20.8%
Beaky Buzzard
2.5%
Charlie Dog
1.8%
Sniffles
1.5%

You're not logged in!

Compare scores with friends on all Sporcle quizzes.
OR
Log In

Sporcle TV

Today on Sporcle TV


Watch our educational content, quiz creation guides, and fun videos on Sporcle TV.

Show Comments

Extras

Top Quizzes Today


Score Distribution

Your Account Isn't Verified!

In order to create a playlist on Sporcle, you need to verify the email address you used during registration. Go to your Sporcle Settings to finish the process.

Report this User

Report this user for behavior that violates our Community Guidelines.

Details: